Curries from the sultan's kitchen /

Saved in:
Bibliographic Details
Main Author: Ady, Doris, M.
Format: Book
Language:English
Published: Terrey Hills, N.S.W : Reed, 1968, 1976 printing.
Subjects:
LEADER 00846cam a2200229 a 4500
001 c000298664
003 CARM
005 20090603183548.0
008 950911r19761968xna 000 0 eng d
019 1 |a 1678770  |5 LACONCORD2021 
020 |a 0589000306 :  |c 2.95 Aust 
035 |a (OCoLC)28999108  |5 LACONCORD2021 
082 0 4 |a 641.6  |2 19 
100 1 |a Ady, Doris, M. 
245 1 0 |a Curries from the sultan's kitchen /  |c Doris Ady. 
260 |a Terrey Hills, N.S.W :  |b Reed,  |c 1968, 1976 printing. 
300 |a 1 vol. 
500 |a Food: Curried dishes. Recipes (ANB/PRECIS SIN 0109193). 
650 0 |a Cooking (Curry) 
852 8 |b CARM  |h A3:AD13A0  |i B11292  |p 0541953  |f BK 
999 f f |i 87d4fea4-f67d-5cb2-abbc-739d190e3f94  |s a3875d9d-b167-57d4-9f41-deccffb5374d 
952 f f |p Can circulate  |a CAVAL  |b CAVAL  |c CAVAL  |d CARM 1 Store  |e B11292  |f A3:AD13A0  |h Other scheme  |i book  |m 0541953